Normal view
MARC view
Entry Personal Name
001 - CONTROL NUMBER
- control field: 18622
003 - CONTROL NUMBER IDENTIFIER
- control field: dpl
005 - DATE AND TIME OF LATEST TRANSACTION
- control field: 20100906151546.0
008 - FIXED-LENGTH DATA ELEMENTS
- fixed length control field: 100906|||a|||||| | ||| d
040 ## - CATALOGING SOURCE
- Original cataloging agency: dpl
- Transcribing agency: dpl
100 ## - HEADING--PERSONAL NAME
- Personal name: Kota, V.K.B.
670 ## - SOURCE DATA FOUND
- Source citation: Work cat.: (dpl)44039: National seminar on new frontiers in nuclear, hadron and mesoscopic physics Vadodara,India 3rd December, 2009 18615, Proceedings of the National seminar on new frontiers in nuclear, hadron and mesoscopic physics', 2010
670 ## - SOURCE DATA FOUND
- Source citation: Work cat.: (dpl)44039: National seminar on new frontiers in nuclear, hadron and mesoscopic physics Vadodara,India 3rd December, 2009 18615, Proceedings of the National seminar on new frontiers in nuclear, hadron and mesoscopic physics', 2010
